000 00614nam a2200229Ia 4500
003 OSt
005 20220928102613.0
006 a|||||r|||| 00| 0
007 ta
008 220927b |||||||| |||| 00| 0 eng d
024 _a53426
037 _cTextual
040 _aSDCL
_cSDCL
_beng
041 _2eng
_aeng
082 _aO152,6N11x, L7
100 _aSachchidananda Vatsyayan
_9399265
245 0 _aAdyatan.
260 _aNew Delhi
_bSarsvati Vihar Prakashan
_c1977
300 _a168p.
_ccm.
942 _hO152,6N11x, L7
_cTEXL
_2CC
999 _c715130
_d715130